• 首页
  • 本馆介绍
  • 公告通知
  • 最新文献
  • 馆藏检索
  • 电子资源
  • 读者导购
  • 参考咨询
  • 我的图书馆
  • 登录
  • 详细信息显示
  • 放入我的书架
  • 预约/预借图书
  • 作者相关作品
  • 分类相关作品
  • 丛书相关作品
  • 出版社相关作品

书目信息

  • 表格格式
  • 工作单格式
  • 卡片格式
题名:
中国生物灾害评估
    
 
作者: 欧阳芳 , 戈峰 , 徐卫华 著
分册:  
出版信息: 北京   科学出版社  2017.1
页数: 321页
开本: 26cm
丛书名:
单 册:
中图分类: S44
科图分类:
主题词: 动物危害--评估--中国 , 病害--评估--中国
电子资源:
ISBN: 978-7-03-050410-4
000 01061nam0 2200277 450
001 0400004860
005 20171025110343.0
010    @a978-7-03-050410-4@b精装@dCNY188.00
100    @a20170905d2017 em y0chiy50 ea
101 0  @achi
102    @aCN@b110000
105    @ay z 001yy
106    @ar
200 1  @a中国生物灾害评估@9zhong guo sheng wu zai hai ping gu@f欧阳芳,戈峰,徐卫华等著
210    @a北京@c科学出版社@d2017.1
215    @a321页@d26cm
300    @a“十三五”国家重点出版物出版规划项目 国家出版基金项目 中国生态环境演变与评估/欧阳志云,王桥主编
330    @a本书以中国各省农田、森林和草原生态系统中有害生物发生分布、变化趋势和影响评估为核心,系统评估了中国及各省2000-2010年有害生物灾害致灾因素的类型,重要致灾因子的分布范围、发生面积、发生程度等。
606 0  @a动物危害@x评估@y中国
606 0  @a病害@x评估@y中国
690    @aS44@v5
701  0 @a欧阳芳@9ou yang fang@4著
701  0 @a戈峰@9ge feng@f(1963-)@4著
701  0 @a徐卫华@9xu wei hua@c(生物学)@4著
801  0 @aCN@b91MARC@c20171025
905    @b1039660-3@dS44@f4@e131
    
    中国生物灾害评估/欧阳芳,戈峰,徐卫华等著.-北京:科学出版社,2017.1
    321页;26cm
    “十三五”国家重点出版物出版规划项目 国家出版基金项目 中国生态环境演变与评估/欧阳志云,王桥主编
    
    ISBN 978-7-03-050410-4(精装):CNY188.00
    本书以中国各省农田、森林和草原生态系统中有害生物发生分布、变化趋势和影响评估为核心,系统评估了中国及各省2000-2010年有害生物灾害致灾因素的类型,重要致灾因子的分布范围、发生面积、发生程度等。
●
相关链接 在E读中查询图书 在五车中查询图书 在当当中查询图书 在豆瓣中查询图书


正题名:中国生物灾害评估     索取号:S44/131         预约/预借

序号 登录号 条形码 馆藏地/架位号 状态 备注
1 1039660   210396604   第二样本阅览室/ [索取号:S44/131] 在馆    
2 1039661   210396613   密集书库-生命科学系/ [索取号:S44/131] 在馆    
3 1039662   210396622   第三借阅区/ [索取号:S44/131] 在馆    
4 1039663   210396631   第三借阅区/ [索取号:S44/131] 在馆    
唐山师范学院图书馆 欢迎您!
大连网信软件有限公司© 版权所有